00598nam a2200169Ia 4500008004100000020001800041041000800059082001600067100003700083245008400120250000600204260005200210300001200262650000900274999001900283952012600302210716s2003 xx 000 0 und d a8120316215SSS aeng a004.35 RAJV aRajraman,V; Murthy, Siva, Ram C. aParallel computer: architecture and programming.bArchitecture and programming. a1 aNew DelhibPrentice Hall of India PVt Ltdc2003 axii,376 aNone c186382d186382 001040708MCAaAIMITbAIMITeBook Palaceg175.00l0o004.35 RAJVpMCA05890r2025-07-21 00:00:00v140.00w2021-07-16yBK